000 00618nam a2200217Ia 4500
005 20241129104213.0
008 241129s9999||||xx |||||||||||||| ||und||
020 _a9780745341187
037 _aTextual
040 _aRTL
_beng
_cRTL
041 _aeng
_2eng
084 _aY15:3(X:3L) R!
_qRTL
100 _aDatri Andrea
_9725226
245 0 _aBread and roses: Gender and class under capitalism
_cDatri Andrea
260 _aLondon
_bPluto Press
_c2021
300 _axvii,177p.
365 _aINR
_b1731.91
650 _aGender Studies
942 _cTB
_hY15:3(X:3L) R!
999 _c1224868
_d1224868